Societat Catalana de Geografia
Descripción Física:
1 díptic ; 26 cm
MARC
| LEADER | 00000nam a2200000Ia 4500 | ||
|---|---|---|---|
| 001 | 16227 | ||
| 008 | 160829s1935] xx 000 0 cat d | ||
| 080 | |a RF-14-37 | ||
| 110 | 2 | |a Institut d'Estudis Catalans |9 52284 | |
| 245 | |a Societat Catalana de Geografia | ||
| 260 | |a [Barcelona : |b l'Institut, |c 1935] | ||
| 300 | |a 1 díptic ; |c 26 cm | ||
| 590 | |a Prové de 4033, exp. 160 | ||
| 650 | |a Societat Catalana de Geografia |x Estatuts |9 43522 | ||
| 710 | 2 | |a Societat Catalana de Geografia |9 54626 | |
| 856 | 4 | |u https://media.diba.cat/diba/fitxers/arxiu/fulletons/bib_16227_1935_baixa.pdf |y Accés lliure | |
| 856 | 4 | |u https://media.diba.cat/diba/fitxers/arxiu/fulletons/bib_16227_1935_baixa.pdf |y Accés lliure | |
| 901 | |a Arxiu | ||
| 942 | |n 1 |2 udc | ||
| 952 | |0 0 |1 0 |4 0 |6 RF1437 |7 1 |9 51490 |a Arxiu |b Arxiu |d 2016-12-01 |l 0 |o RF-14-37 |p 16227 |r 2016-12-01 00:00:00 |w 2016-12-01 |y ARXIU | ||
| 999 | |c 55334 |d 55334 | ||
| 900 | |a bib_16227_1935_baixa.pdf | ||